<?xml version="1.0" encoding="UTF-8"?>
<record
    xmlns:xsi="http://www.w3.org/2001/XMLSchema-instance"
    xsi:schemaLocation="http://www.loc.gov/MARC21/slim http://www.loc.gov/standards/marcxml/schema/MARC21slim.xsd"
    xmlns="http://www.loc.gov/MARC21/slim">

  <leader>01484nam0a2200349   4500</leader>
  <controlfield tag="001">RU\NLR\bibl\1375187</controlfield>
  <controlfield tag="005">20260406113757.0</controlfield>
  <datafield tag="010" ind1=" " ind2=" ">
    <subfield code="a">978-5-8455-0151-6</subfield>
    <subfield code="b">&#x432; &#x43F;&#x435;&#x440;.</subfield>
    <subfield code="9">20000</subfield>
  </datafield>
  <datafield tag="021" ind1=" " ind2=" ">
    <subfield code="a">RU</subfield>
    <subfield code="b">2009-24452</subfield>
    <subfield code="9">1449</subfield>
  </datafield>
  <datafield tag="035" ind1=" " ind2=" ">
    <subfield code="a">(nilc)RSL-KNO-004271832</subfield>
  </datafield>
  <datafield tag="035" ind1=" " ind2=" ">
    <subfield code="a">(NLR Aleph) 001367298</subfield>
  </datafield>
  <datafield tag="090" ind1=" " ind2=" ">
    <subfield code="a">1019142</subfield>
    <subfield code="c">1019142</subfield>
  </datafield>
  <datafield tag="100" ind1=" " ind2=" ">
    <subfield code="a">20090331d2009    |||y0rusy50      ca</subfield>
  </datafield>
  <datafield tag="101" ind1="0" ind2=" ">
    <subfield code="a">rus</subfield>
  </datafield>
  <datafield tag="102" ind1=" " ind2=" ">
    <subfield code="a">RU</subfield>
  </datafield>
  <datafield tag="105" ind1=" " ind2=" ">
    <subfield code="a">a   |||||||||</subfield>
  </datafield>
  <datafield tag="200" ind1="1" ind2=" ">
    <subfield code="a">&#x41C;&#x430;&#x43A;&#x441;&#x438;&#x43C;&#x43A;&#x430;</subfield>
    <subfield code="e">[&#x440;&#x430;&#x441;&#x441;&#x43A;&#x430;&#x437;</subfield>
    <subfield code="e">3 &#x43A;&#x43B;&#x430;&#x441;&#x441;]</subfield>
    <subfield code="f">&#x41A;. &#x41C;. &#x421;&#x442;&#x430;&#x43D;&#x44E;&#x43A;&#x43E;&#x432;&#x438;&#x447;</subfield>
    <subfield code="g">[&#x445;&#x443;&#x434;&#x43E;&#x436;. &#x418;. &#x420;. &#x413;&#x43E;&#x43B;&#x443;&#x431;]</subfield>
    <subfield code="g">&#x41F;&#x440;&#x430;&#x432;&#x438;&#x442;&#x435;&#x43B;&#x44C;&#x441;&#x442;&#x432;&#x43E; &#x41C;&#x43E;&#x441;&#x43A;&#x432;&#x44B;, &#x414;&#x435;&#x43F;&#x430;&#x440;&#x442;&#x430;&#x43C;&#x435;&#x43D;&#x442; &#x43E;&#x431;&#x440;&#x430;&#x437;&#x43E;&#x432;&#x430;&#x43D;&#x438;&#x44F; &#x433;. &#x41C;&#x43E;&#x441;&#x43A;&#x432;&#x44B;, &#x41C;&#x43E;&#x441;&#x43A;&#x43E;&#x432;&#x441;&#x43A;&#x438;&#x439; &#x433;&#x43E;&#x440;. &#x43F;&#x435;&#x434;. &#x443;&#x43D;-&#x442;</subfield>
  </datafield>
  <datafield tag="210" ind1=" " ind2=" ">
    <subfield code="a">&#x41C;&#x43E;&#x441;&#x43A;&#x432;&#x430;</subfield>
    <subfield code="c">&#x416;&#x438;&#x437;&#x43D;&#x44C; &#x438; &#x43C;&#x44B;&#x441;&#x43B;&#x44C;</subfield>
    <subfield code="c">&#x41C;&#x43E;&#x441;&#x43A;&#x43E;&#x432;&#x441;&#x43A;&#x438;&#x435; &#x443;&#x447;&#x435;&#x431;&#x43D;&#x438;&#x43A;&#x438;</subfield>
    <subfield code="d">2009</subfield>
  </datafield>
  <datafield tag="215" ind1=" " ind2=" ">
    <subfield code="a">63 &#x441;.</subfield>
    <subfield code="c">&#x446;&#x432;. &#x438;&#x43B;.</subfield>
    <subfield code="d">22</subfield>
  </datafield>
  <datafield tag="225" ind1="1" ind2=" ">
    <subfield code="a">&#x411;&#x438;&#x431;&#x43B;&#x438;&#x43E;&#x442;&#x435;&#x447;&#x43A;&#x430; &#x41C;&#x413;&#x41F;&#x423;</subfield>
  </datafield>
  <datafield tag="225" ind1="1" ind2=" ">
    <subfield code="a">&#x41A;&#x43D;&#x438;&#x433;&#x430; &#x437;&#x434;&#x440;&#x430;&#x432;&#x441;&#x442;&#x432;&#x443;&#x439;!</subfield>
  </datafield>
  <datafield tag="686" ind1=" " ind2=" ">
    <subfield code="a">&#x428;9(2)6=&#x420;50-40</subfield>
    <subfield code="2">rubbk</subfield>
  </datafield>
  <datafield tag="686" ind1=" " ind2=" ">
    <subfield code="a">&#x428;9(2)60=&#x420;5-4</subfield>
  </datafield>
  <datafield tag="700" ind1=" " ind2="1">
    <subfield code="4">070</subfield>
    <subfield code="8">rus</subfield>
    <subfield code="7">ca</subfield>
    <subfield code="a">&#x421;&#x442;&#x430;&#x43D;&#x44E;&#x43A;&#x43E;&#x432;&#x438;&#x447;</subfield>
    <subfield code="b">&#x41A;. &#x41C;.</subfield>
    <subfield code="f">1843-1903</subfield>
    <subfield code="g">&#x41A;&#x43E;&#x43D;&#x441;&#x442;&#x430;&#x43D;&#x442;&#x438;&#x43D; &#x41C;&#x438;&#x445;&#x430;&#x439;&#x43B;&#x43E;&#x432;&#x438;&#x447;</subfield>
    <subfield code="3">RU\NLR\auth\77148</subfield>
    <subfield code="9">110225</subfield>
  </datafield>
  <datafield tag="702" ind1=" " ind2="1">
    <subfield code="4">040</subfield>
    <subfield code="8">rus</subfield>
    <subfield code="7">ca</subfield>
    <subfield code="a">&#x413;&#x43E;&#x43B;&#x443;&#x431;</subfield>
    <subfield code="b">&#x418;. &#x420;.</subfield>
    <subfield code="c">&#x445;&#x443;&#x434;&#x43E;&#x436;&#x43D;&#x438;&#x43A;</subfield>
    <subfield code="f">1970-</subfield>
    <subfield code="g">&#x418;&#x440;&#x438;&#x43D;&#x430; &#x420;&#x43E;&#x431;&#x435;&#x440;&#x442;&#x43E;&#x432;&#x43D;&#x430;</subfield>
    <subfield code="3">RU\NLR\auth\7778501</subfield>
    <subfield code="9">61429</subfield>
  </datafield>
  <datafield tag="801" ind1=" " ind2="0">
    <subfield code="a">RU</subfield>
    <subfield code="b">&#x420;&#x41A;&#x41F;</subfield>
    <subfield code="c">20090331</subfield>
    <subfield code="g">rcr</subfield>
  </datafield>
  <datafield tag="801" ind1=" " ind2="1">
    <subfield code="a">RU</subfield>
    <subfield code="b">&#x420;&#x413;&#x411;</subfield>
    <subfield code="c">20090331</subfield>
  </datafield>
  <datafield tag="801" ind1=" " ind2="2">
    <subfield code="a">RU</subfield>
    <subfield code="b">NLR</subfield>
    <subfield code="c">20090602</subfield>
    <subfield code="g">rcr</subfield>
  </datafield>
  <datafield tag="942" ind1=" " ind2=" ">
    <subfield code="c">BOOK</subfield>
  </datafield>
  <datafield tag="980" ind1=" " ind2=" ">
    <subfield code="a">NB</subfield>
  </datafield>
  <datafield tag="995" ind1=" " ind2=" ">
    <subfield code="5">2009-06-02</subfield>
    <subfield code="a">ad</subfield>
    <subfield code="b">NLR01</subfield>
    <subfield code="c">NLR01</subfield>
    <subfield code="e">RF9</subfield>
    <subfield code="f">2930513</subfield>
    <subfield code="k">2009-6/802</subfield>
    <subfield code="o">0</subfield>
    <subfield code="r">BOOK</subfield>
    <subfield code="s">20096802_</subfield>
  </datafield>
  <datafield tag="995" ind1=" " ind2=" ">
    <subfield code="5">2009-06-02</subfield>
    <subfield code="a">ad</subfield>
    <subfield code="b">NLR01</subfield>
    <subfield code="c">NLR01</subfield>
    <subfield code="e">OUT02</subfield>
    <subfield code="f">2930514</subfield>
    <subfield code="o">0</subfield>
    <subfield code="r">BOOK</subfield>
  </datafield>
</record>
